000 01028nam a22003015 4500
001 183327
003 ES-MaBCM
005 20241016192844.0
008 110203s2010 esp spa d
017 _aM.52227-2010
020 _a978-84-15056-11-9
021 _axx
035 _a(OCoLC)1365143987
040 _cES-MaBCM
080 _a35(460)
080 _a342.9(460)
245 0 0 _a1.000 preguntas sobre administrativo
_b: actualizado a 15 de diciembre 2010
_c[realizada por iniciativa de Ediciones Francis Lefebvre ; director-coordinador, Alfonso Melón Muñoz ; autores, Carlos Melón Pardo ... et al.]
260 _aMadrid :
_bFrancis Lefebvre,
_c2010
300 _a1021 p. ;
_c24 cm
490 0 _aRespuestas memento
_9113786
650 7 _aDerecho administrativo
_958277
650 7 _aAdministración electrónica
_989062
651 2 4 _aEspaña
_9115342
700 1 _aMelón Muñoz, Alfonso
_992344
700 1 _aMelón Pardo, Carlos
_992345
710 2 _aFrancis Lefebvre
_951880
_c (Firma)
942 _cBK
999 _c183327
_d183327